000 00656nam a2200217 i 4500
001 bg
100 1 _aSTECZKOWSKI, Jan
245 1 0 _aOpis statystyczny :
_bpozyskiwanie, przetwarzanie i analizowanie informacji /
_cJan Steczkowski.
260 _aRzeszów :
_bWydawnictwo Wyższej Szkoły Informatyki i Zarządzania,
_c2005.
300 _a231 s. :
_bwykr. ;
_c24 cm.
504 _aBibliogr. przy rozdz.
650 9 _aStatystyka
655 _aPodręczniki akademickie
020 _a8387658707
040 _cBPK
041 0 _apol
080 _a311.3:33](075.8)
920 _a83-87658-70-7
942 _cKS
008 s pl f |000 0 pol
999 _c52901
_d52901
856 _uhttp://koha.tu.koszalin.pl/cgi-bin/koha/opac-detail.pl?biblionumber=52901
_yKatalog online BPK